00613nam a22001937a 45000010005000000030004000050050017000090070003000260080041000290240014000700240020000840400008001041000020001122450101001322600087002334900036003207000021003568300042003776117OSt20170921101517.0tu161220s2003 fi ||||| |||||||||||eng d7 a61172RID7 a61172RSN (alt) cOSt1 aKim, Byung-Yeon10aThe political economy of reforms: Empirical evidence from post-communist transition in the 1990s aHelsinki :bInstitute for Economies in Transition, Bank of Finland (BOFIT),c2003.1 aBOFIT Discussion Papersv4/20031 aPirttil,̃ Jukka 0tBOFIT Discussion Papersv4/2003w7888